<?xml version="1.0" encoding="UTF-8"?>
<collection xmlns="http://www.loc.gov/MARC21/slim">
    <record>
        <controlfield tag="001">58013</controlfield>
        <controlfield tag="005">20161221124358.0</controlfield>
        <datafield tag="037" ind1=" " ind2=" ">
            <subfield code="a">TAZ-TFG-2016-4944</subfield>
        </datafield>
        <datafield tag="041" ind1=" " ind2=" ">
            <subfield code="a">spa</subfield>
        </datafield>
        <datafield tag="100" ind1="1" ind2=" ">
            <subfield code="a">Sergio Pérez Miana</subfield>
        </datafield>
        <datafield tag="242" ind1="0" ind2="0">
            <subfield code="a">Business Process Simulation with Free Software information System</subfield>
        </datafield>
        <datafield tag="245" ind1="0" ind2="0">
            <subfield code="a">Simulación de un proceso comercial a través de sistema de información de software libre</subfield>
        </datafield>
        <datafield tag="260" ind1=" " ind2=" ">
            <subfield code="a">Zaragoza</subfield>
            <subfield code="b">Universidad de Zaragoza</subfield>
            <subfield code="c">2016</subfield>
        </datafield>
        <datafield tag="500" ind1=" " ind2=" ">
            <subfield code="a">Resumen disponible también en inglés.</subfield>
        </datafield>
        <datafield tag="506" ind1=" " ind2=" ">
            <subfield code="a">by-nc-sa</subfield>
            <subfield code="b">Creative Commons</subfield>
            <subfield code="c">3.0</subfield>
            <subfield code="u">http://creativecommons.org/licenses/by-nc-sa/3.0/</subfield>
        </datafield>
        <datafield tag="520" ind1=" " ind2=" ">
            <subfield code="a">El trabajo fin de grado tiene por objetivo final, la construcción de un prototipo en el sistema de información Odoo que se adapte al proceso comercial de una determinada empresa. El planteamiento inicial parte de una compañía comercial que quiere implantar un sistema de información en su modelo de gestión. Para ello, el trabajo de ingeniería consistirá en realizar una labor de consultoría que se ha llevado a cabo mediante la siguiente metodología de trabajo: Búsqueda de información sobre el sistema de información Odoo; estudio de la empresa y análisis de los procesos comerciales que se llevan a cabo en la compañía; modelado de los procesos y adaptación al sistema de información; construcción y configuración del prototipo en Odoo; simulación del proceso comercial a través de dos casos de estudio y, finalmente, creación de un banco de pruebas para validar el correcto funcionamiento del prototipo y la simulación. Con esta metodología se ha desarrollado el trabajo y se han obtenido los siguientes resultados y conclusiones: Un sistema de información creado en Odoo, con un alto grado de adaptación a la compañía, gran posibilidad de ampliación a más procesos comerciales y teniendo a disposición, una herramienta final o banco de pruebas, credo para validar el correcto funcionamiento de cualquier proceso comercial implantado con el sistema de información.</subfield>
        </datafield>
        <datafield tag="521" ind1=" " ind2=" ">
            <subfield code="a">Graduado en Ingeniería de Organización Industrial</subfield>
        </datafield>
        <datafield tag="540" ind1=" " ind2=" ">
            <subfield code="a">Derechos regulados por licencia Creative Commons</subfield>
        </datafield>
        <datafield tag="700" ind1=" " ind2=" ">
            <subfield code="a">Ana Lucía Esteban Sánchez</subfield>
            <subfield code="e">dir.</subfield>
        </datafield>
        <datafield tag="710" ind1="2" ind2=" ">
            <subfield code="a">Universidad de Zaragoza</subfield>
            <subfield code="b"> </subfield>
            <subfield code="c"></subfield>
        </datafield>
        <datafield tag="856" ind1="0" ind2=" ">
            <subfield code="f">612571@celes.unizar.es</subfield>
        </datafield>
        <datafield tag="856" ind1="4" ind2=" ">
            <subfield code="s">2643974</subfield>
            <subfield code="u">http://zaguan.unizar.es/record/58013/files/TAZ-TFG-2016-4944_ANE.pdf</subfield>
            <subfield code="y">Anexos (spa)</subfield>
        </datafield>
        <datafield tag="856" ind1="4" ind2=" ">
            <subfield code="s">9557143</subfield>
            <subfield code="u">http://zaguan.unizar.es/record/58013/files/TAZ-TFG-2016-4944.pdf</subfield>
            <subfield code="y">Memoria (spa)</subfield>
        </datafield>
        <datafield tag="909" ind1="C" ind2="O">
            <subfield code="o">oai:zaguan.unizar.es:58013</subfield>
            <subfield code="p">driver</subfield>
            <subfield code="p">trabajos-fin-grado</subfield>
        </datafield>
        <datafield tag="950" ind1=" " ind2=" ">
            <subfield code="a"></subfield>
        </datafield>
        <datafield tag="951" ind1=" " ind2=" ">
            <subfield code="a">deposita:2016-12-21</subfield>
        </datafield>
        <datafield tag="980" ind1=" " ind2=" ">
            <subfield code="a">TAZ</subfield>
            <subfield code="b">TFG</subfield>
            <subfield code="c">ALM</subfield>
        </datafield>
    </record>

    
</collection>